000 00782nam a2200205Ii 4500
003 JO-AjNU
008 230605s9999||||xx |||||||||||||| ||und||
040 _aJO-AjNU
_bara
_erda
_cJO-AjNU
041 _aara
050 1 4 _aH62.H3568.1987
100 3 _aفاطمة ابراهيم حميدة,
_eauthor
_918882
245 0 0 _aالأهداف التعليمية في تدريس المواد الاجتماعية:مدخل في التعليم الذاتي
250 _aط1
264 3 1 _aالقاهرة:مكتبة النهضة المصرية،1987
300 _a127ص
336 _atext
_btxt
_2rdacontent
337 _aunmediated
_bn
_2rdamedia
338 _avolume
_bnc
_2rdacarrier
650 4 _aالعلوم الاجتماعية-دراسة وتعليم-التعليم الذاتي
_918883
999 _aA6122
_c9690
_d9690